000 01305cam a22002891 4500
001 e 32000415
003 DLC
005 20260227111222.0
008 860422s1932 dcua b f100 0 eng c
010 _ae 32000415
035 _a(OCoLC)13471115
040 _aU.S. Office of Education. Library
_cPScU
_dPScU
_dOCoLC
_dDLC
042 _apremarc
050 0 0 _aL111
_b.A6 1931, no. 12
051 _aLB2301
_b.R4 1931
082 _a378.06370
111 2 _aRegional Conference on Higher Education.
_n1st,
_cEugene, Ore.,
_d1931.
245 1 0 _aResearch in higher education;
_bpapers prepared for the first Regional Conference on Higher Education held under the joint auspices of the United States Office of Education and the University of Oregon at Eugene, Oreg., April 14, 15, and 16, 1931 ...
260 _aWashington,
_bU.S. Govt. Print. Off.,
_c1932.
300 _avi, 133 p. incl. tables, diagrs.
_c23 cm.
490 0 _aUnited States. Office of Education. Bulletin, 1931,
_vno. 12
500 _aAt head of title: United States Department of the Interior. Ray Lyman Wilbur, secretary. Office of Education. William John Cooper, commissioner.
504 _aBibliographies at end of most papers.
650 0 _aEducation, Higher
_vCongresses.
650 0 _aResearch.
710 2 _aUniversity of Oregon.
999 _c21232
_d21232